| 000 | 00538nam a2200193 a 4500 | ||
|---|---|---|---|
| 005 | 20230524064046.0 | ||
| 008 | 010703s2002 mx r 000 0 spa d | ||
| 020 | _a9706411437 | ||
| 035 | _aUPN01000123880 | ||
| 049 | _aCG | ||
| 050 | 4 |
_aLB1590.3 _bC3.2a 2002 |
|
| 100 | 1 |
_aCarretero Rodríguez, Mario, _d1953- _932261 |
|
| 245 | 1 | 0 |
_aConstructivismo y educación / _cMario Carretero. |
| 250 | _a2a ed. | ||
| 260 |
_aMéxico : _bProgreso, _c2002. |
||
| 300 | _a160 p. | ||
| 650 | 2 |
_aConstructivismo (Educación) _91516 |
|
| 905 | _aLibro | ||
| 999 |
_c96059 _d96059 |
||